000 00243nam a2200097Ia 4500
001 1215631
005 20250827024554.0
008 250824s9999 xx 000 0 und d
245 0 _aRUBY ROGERS ANLAT BANA
_cSUE LİMB
260 _bALTIN KİTAPLAR
999 _c1215631
_d1215631